Statistiques concernant MMR dans rocket league

Cliquez ici pour prendre le quiz!

Statistiques générales

  • Ce quiz a été pris 245 fois
  • Le résultat moyen est 2 sur 22

Statistiques - réponses

HintRéponse% Correct
Bronze 1-100
68%
Grand champion 11435
31%
Champion 31315
24%
Champion 11075
21%
Champion 21195
17%
Grand champion 31715
12%
Diamant 3995
10%
Diamant 2915
7%
Grand champion 21574
6%
Bronze 2178
6%
Supersonique légende1860
6%
Diamant 1835
6%
Argent 3410
2%
Or 1475
2%
Platine 3774
2%
Bronze 3233
1%
Argent 1288
1%
Argent 2352
1%
Or 2535
1%
Or 3594
1%
Platine 1654
1%
Platine 2713
1%

Distribution des résultats

Percentile par nombre de réponses

% des personnes avec chaque résultat

Votre développement - résultats

Vous n’avez pas pris ce quiz